KOHA-Header-6

Essentials of Corporate Finance (Record no. 7139)

000 -LEADER
fixed length control field 00266nam a2200109Ia 4500
100 ## - MAIN ENTRY--AUTHOR NAME
Personal name Ross Westerfield
245 #0 - TITLE STATEMENT
Title Essentials of Corporate Finance
260 ## - PUBLICATION, DISTRIBUTION, ETC. (IMPRINT)
Place of publication USA
Name of publisher Prentice
Year of publication 1996
300 ## - PHYSICAL DESCRIPTION
Number of Pages 236
942 ## - ADDED ENTRY ELEMENTS (KOHA)
Koha item type Books
Holdings
Withdrawn status Lost status Collection code Permanent Location Current Location Shelving location Date acquired Full call number Accession Number Koha item type
    Finance MAJU MAJU Shelf No.A44 2019-09-12 658.15 815 Finance

Powered by Koha